000 00433nam a2200181Ia 4500
003 OSt
005 20220720111040.0
008 210210b1956 xxu||||| |||| 00| 0 eng d
040 _cAL
041 _aeng
082 _a516/82
100 _aLONEY (S L)
_951687
245 _aElementary treatise on statics
260 _aCambridge
_bAt the University Press
_c1956
690 _astatics
_951688
906 _a007798
942 _2ddc
_cBK
999 _c140468
_d140468